| 000 | 00556nam a22001937a 4500 | ||
|---|---|---|---|
| 003 | 0 | ||
| 005 | 20240923145238.0 | ||
| 008 | 240923b xxu||||| |||| 00| 0 eng d | ||
| 020 | _a978-1-265-03381-1 | ||
| 050 |
_aHD 58.7 _b.K36 2023 |
||
| 100 | _aKanopaske, Robert | ||
| 245 |
_aOrganizational behavior and management _cKanopaske, Robert |
||
| 250 | _a12th ed. | ||
| 260 |
_aNew York _bMcGrawhill _cC2023 |
||
| 300 |
_axx, 604p.: _bill. ; col. : _c26cm. |
||
| 500 | _aOrganizational behavior. | ||
| 650 | _aIncludes glossary & index. | ||
| 942 |
_2lcc _cBK |
||
| 999 |
_c366359 _d366359 |
||